|
|
|
|
| LEADER |
00000nam a22000007a 4500 |
| 003 |
cru CIDCACS/IIS |
| 005 |
20191210161500.0 |
| 008 |
191210t2001 it ||p|r||0||||sp||spa | |
| 999 |
|
|
|c 42745
|d 42745
|
| 022 |
|
|
|a 02592460
|
| 040 |
|
|
|c cru CIDCACS/IIS
|
| 090 |
|
|
|a REV0319
|
| 110 |
2 |
|
|9 8872
|a Organización de las Naciones Unidas para la Agricultura y la Alimentación (FAO)
|
| 245 |
0 |
|
|a Colección FAO:
|b desarrollo económico y social/
|c Organización de las Naciones Unidas para la Agricultura y la Alimentación
|
| 260 |
|
|
|a Roma:
|b FAO,
|
| 500 |
|
|
|a EXISTENCIAS : 1978 (3, 8) 1982 (17)
|
| 650 |
|
0 |
|9 299
|a MIGRACION
|
| 650 |
|
0 |
|9 1123
|a DESARROLLO RURAL
|
| 650 |
|
0 |
|9 88
|a MUJERES
|
| 650 |
|
4 |
|9 2602
|a POBLACION
|
| 650 |
|
0 |
|9 237
|a INVESTIGACION SOCIAL
|
| 650 |
|
4 |
|9 2686
|a POBLACION AGRICOLA
|
| 942 |
|
|
|2 ddc
|c PP
|